| 000 | 01035nas a2200313 4500 | ||
|---|---|---|---|
| 001 | BR2015002213 | ||
| 003 | BR-BrBNA | ||
| 005 | 20231205125223.0 | ||
| 007 | ta | ||
| 008 | 230509b bl.|||p| |||| 00| 00por d | ||
| 040 |
_aBR-BrBNA _bpor _cBiblioteca Nacional de Agricultura |
||
| 041 | _a(En) | ||
| 072 | _aQ70 | ||
| 100 | 1 | _aBarretto, L.C. de O. | |
| 100 | 1 | _aMoreira, J. de J. da S. | |
| 100 | 1 | _aSantos, J.A.B. dos | |
| 100 | 1 | _aNarendra, N. | |
| 100 | 1 | _aSantos, R.A.R. dos | |
| 245 | 1 | _aCharacterization and extraction of volatile compounds from pineapple (Ananas comosus L. Merril)processing residues | |
| 650 | _aABACAXI | ||
| 650 | _aRESIDUO ORGANICO | ||
| 650 | _aESPECTROMETRIA | ||
| 650 | _aANALISE QUIMICA | ||
| 650 | _aCROMATOGRAFIA GASOSA | ||
| 773 | 0 |
_tCiência e Tecnologia de Alimentos (Brazil) _xISSN 1678-457X _g(Oct-Dec 2013), v. 33(4) p. 638-645 _wBR2015002213 |
|
| 856 | 4 | 0 | _uhttp://www.scielo.br/pdf/cta/v33n4/v33n4a07.pdf |
| 909 |
_a202311 _bLúcia _c55 _dLúcia Elande |
||
| 942 |
_2AGRIS _n0 _cANA |
||
| 999 |
_c243284 _d243284 |
||